| 000 | 00350nam a2200133Ia 4500 | ||
|---|---|---|---|
| 008 | 240624s9999 xx 000 0 und d | ||
| 041 | _aeng | ||
| 082 | _a346.08215 FRI | ||
| 100 | _aFRIEDLAND JOHN H | ||
| 245 | _aREFORMING THE LAW AND STRUCTURE OF THE I | ||
| 260 |
_c2004 _aLondon _bPraeger |
||
| 300 | _axiv, : 345 : p. : cm. ; 24 | ||
| 365 |
_c _b26 |
||
| 999 |
_c20671 _d20671 |
||